Responses for show #7294 - Thursday, May 5, 2016

2016 Teachers Tournament quarterfinal game 4.

WE ASKED: Eric Stonestreet of Modern Family.

Contestants

Terrie Trebilcock, a high school history and economics teacher from Glen Rock, Pennsylvania

Tenaya Snider, a 10th grade English teacher from Tucson, Arizona

Peter Buchholz, a 6th grade U.S. history and language arts teacher from Minneapolis, Minnesota

Jeopardy! Round responses

TV TITLE CHARACTERS
SCHOOL SUBJECTS IN GERMAN
A VICE PRESIDENT'S SURNAME
EYES ON THE PRIZE
A VISIT TO NEW YORK STATE
5 COMMANDMENTS
(Alex: We didn't have room for all 10 that you will find in the King James Bible, just five of them.)
    $200 7
Hannibal

Peter
    $200 1
French

Terrie
    $200 6
Gore

Triple Stumper
    $200 12
architecture

Triple Stumper
    $200 15
Niagara Falls

Terrie
    $200 16
[Alex reads the blanks as "blank blanks".]

other gods

Peter
    $400 8
Magnum, P.I.

Peter
    $400 2
geography

Tenaya
    $400 27
Ford

Peter
    $400 13
(Peter: What is a transporter?)

a tricorder

Peter
Triple Stumper
    $400 23
Washington Irving

Peter
    $400 17
[Alex reads the blanks as "this".]

false witness

Peter
    $600 9
Christine

Terrie
    $600 3
art

Peter
    $600 28
Adams

Triple Stumper
    $600 14
(Terrie: What is Angels in America?)

The Normal Heart

Terrie
Triple Stumper
    $600 24
Cooperstown

Terrie
    $600 18
[Alex reads the blank as "do this to".]

covet

Peter
    $800 10
Earl (Hickey)

Peter
    $800 4
(Terrie: What is technology?)

computer

Terrie
Triple Stumper
    $800 29
Burr

Peter
    $800 21
in vitro

Tenaya
    $800 25
(Alex: It's a great place to visit in New York.)

the Hayden Planetarium

Triple Stumper
    $800 19
[Alex reads the blank as "this kind of".]

graven

Terrie
    $1000 11
Wilfred

Peter
    $1000 5
cooking

Tenaya
    $2,000 30
(Alex: Peter?)
(Peter: Wha--I--what is--I don't know.)
(Alex: No. The vice president this time was John Nance [*], so the word we were going for is [*].)

Garner

Peter
    $1000 22
Ironweed

Triple Stumper
    $1000 26
Lake Placid

Peter
    $1000 20
[Alex reads the blanks as "blank blank blank blank blank".]
...
(Tenaya: What is the Lord in vain?)
...
(Alex: There were five blanks there, Tenaya. Sorry.)

the Lord, thy God, in vain

PeterTenaya

Scores at the first commercial break (after clue 15):

Peter Tenaya Terrie
$2,600 $1,400 -$400

Scores at the end of the Jeopardy! Round:

Peter Tenaya Terrie
$5,400 $1,200 $1,000

Double Jeopardy! Round responses

TEACHERS
ALL ABOUT ANIMALS
BRITISH AUTHORS
VITAMINS & SUPPLEMENTS
INDEPENDENCE DAYS
THE COMMON "CORE"
    $400 2
Hugh Jackman

Tenaya
    $400 17
a giraffe

Tenaya
    $400 16
Jane Austen

Peter
    $400 26
hot flashes

Peter
    $400 11
Liberia

Tenaya
    $400 1
[Shown: HOST_ALEX@JEOPARDY.COM]

an underscore

Peter
    $800 3
(Raymond) Teller

Terrie
    $800 18
(Tenaya: What is a lion?)

a hippopotamus

PeterTenaya
    $800 22
J.K. Rowling

Tenaya
    $800 27
clot

Peter
    $800 12
Indonesia

Terrie
    $800 7
the scorecard

Tenaya
    $1200 4
Second City

Peter
    $1200 19
a bush baby

Peter
    $1200 23
Arthur Conan Doyle

Peter
    $1200 28
vitamin C

Peter
    $1200 13
Belarus

Tenaya
    $1200 8
albacore

Terrie
    $1600 5
Grey's Anatomy

Triple Stumper
    $1600 20
ungulates

Peter
    $400 24
(Anthony) Burgess

Peter
    $1600 29
acai berries

Peter
    $1600 14
(Peter: What is the Austro-Hungarian Empire?)

the Ottoman Empire

PeterTenaya
    $1600 9
hardcore

Tenaya
    $2000 6
Vampire Weekend

Peter
    $2,000 21
(Peter: What is a cormorant?)

a penguin

Peter
    $2000 25
John Bunyan

Terrie
    $2000 30
(Tenaya: What is cobalt?)

coenzyme

Tenaya
Triple Stumper
    $2000 15
Kosovo

Terrie
    $2000 10
the manticore

Peter

Scores at the end of the Double Jeopardy! Round:

Peter Tenaya Terrie
$17,000 $5,600 $7,800
(lock game)

Final Jeopardy! Round responses

19th CENTURY AMERICANS
(Alex: Ah, there's a sucker born every minute, I guess.)
TenayaWho is ?
$5,000
TerrieWho was Mark Twain?
$6,500
PeterWho is P.T. Barnum
$0
P.T. Barnum

Final scores:

Peter Tenaya Terrie
$17,000 $600 $1,300
Automatic semifinalist 3rd place: $5,000 if eliminated 2nd place: $5,000 if eliminated

Game dynamics:

Coryat scores:

Peter Tenaya Terrie
$22,200 $5,600 $7,800
27 R
(including 1 DD),
4 W
(including 2 DDs)
11 R,
3 W
10 R,
2 W

Combined Coryat: $35,600

The J! Archive is created by fans, for fans. The Jeopardy! game show and all elements thereof, including but not limited to copyright and trademark thereto, are the property of Jeopardy Productions, Inc. and are protected under law. This website is not affiliated with, sponsored by, or operated by Jeopardy Productions, Inc. Join the discussion at JBoard.tv.